00286nam a2200121Ia 4500003000400000008004100004040001600045082001800061245002100079260004800100300001100148490000500159GCL140319s9999 xx 000 0 ara d aGCL / cGCL04a813.03bا س10aسمرقند ط2 a[S.N] : bدار الفارابى ، c1994 a336 ص a